Statistiques concernant Les 15 fast-foods ayant le plus de restaurants en France

Cliquez ici pour prendre le quiz!

Statistiques générales

  • Ce quiz a été pris 500 fois
  • Le résultat moyen est 7 sur 15

Statistiques - réponses

PlaceNombre de restaurantsFast food% Correct
4600Burger King
97%
8320KFC
91%
11500Mc Donald's
90%
12117Quick
87%
7365O'Tacos
65%
5500Subway
51%
6487Dominos
48%
11137Pizza Hut
44%
10170Flunch
30%
1525Five Guys
28%
9238Starbucks
28%
21000Kebab
14%
3749Paul
8%
1387Bagelstein
1%
1467Memphis Coffee
1%

Distribution des résultats

Percentile par nombre de réponses

% des personnes avec chaque résultat

Votre développement - résultats

Vous n’avez pas pris ce quiz